Les 10 Capitales les plus proches de Miami - Statistiques

Statistiques générales
  • Ce quiz a été pris 49 fois
  • Le résultat moyen est 7 sur 10
Statistiques - réponses
Réponse % Correct
Washington
93%
La Havane
91%
Kingston
74%
Nassau
72%
Saint-Domingue
70%
Port-au-Prince
67%
Guatemala
50%
Tegucigalpa
50%
Belmopan
43%
San Salvador
43%
Aucun quiz correspondant
Distribution des résultats
% des personnes avec chaque résultat
Percentile par nombre de réponses
Votre historique - résultats
Vous n’avez pas pris ce quiz